[Event "ChessOrg Schachfestival 2024 Bad Wörishofen"]
[Site "Bad Woerishofen"]
[Date "2024.03.11"]
[Round "4.1"]
[White "A R, Ilamparthi"]
[Black "Li, Di"]
[Result "0-1"]
[WhiteElo "2426"]
[BlackElo "2567"]
[PlyCount "152"]
[EventDate "2024.03.08"]

1. Nf3 Nf6 2. g3 c5 3. Bg2 g6 4. O-O Bg7 5. c4 d5 6. cxd5 Nxd5 7. Nc3 Nxc3 8. bxc3 O-O 9. d4 cxd4 10. Nxd4 Nd7 11. Ba3 Bf6 12. Qa4 Nb6 13. Qb3 Qc7 14. Rfd1 Bd7 15. Rdc1 Rfc8 16. Rab1 Rab8 17. Nb5 Bxb5 18. Qxb5 Nc4 19. Rb3 a6 20. Qd5 b5 21. Re1 Qa5 22. Bb4 Qxa2 23. Ra3 Qb2 24. Rxa6 Bxc3 25. Bxc3 Qxc3 26. Raa1 Nd6 27. e4 Rc5 28. Qa2 Rbc8 29. Bh3 e6 30. Rad1 Nc4 31. Bf1 Qf6 32. Kg2 Ne5 33. Be2 Nc6 34. Qa6 Nd4 35. Qd6 Nc2 36. Rf1 Kg7 37. Bd3 R8c6 38. Qb8 Nd4 39. f4 Nc2 40. e5 Qe7 41. Bxc2 Rc8 42. Qb6 Rxc2+ 43. Kh3 Rb2 44. Rc1 Rxc1 45. Rxc1 Qd7 46. Qd6 Qb7 47. Rc6 b4 48. Qc5 h6 49. Qb6 Qa8 50. Qa6 Qd8 51. Rd6 Qe8 52. Qb7 g5 53. Rc6 Rd2 54. Rc8 Rd8 55. Rxd8 Qxd8 56. Qxb4 Qd3 57. Kg2 Qe2+ 58. Kg1 Qd1+ 59. Kf2 Qc2+ 60. Kf1 Qf5 61. Kg2 Kg6 62. Qc4 h5 63. Kf2 h4 64. Kf3 Kh5 65. Ke3 hxg3 66. hxg3 Qg4 67. Kf2 Qd1 68. Ke3 Qg1+ 69. Kf3 g4+ 70. Ke4 Qe1+ 71. Kd4 Qxg3 72. Qf1 Qf3 73. Qc1 g3 74. Qc8 Qxf4+ 75. Kd3 Kg4 76. Ke2 Qxe5+ 0-1

[Event "ChessOrg Schachfestival 2024 Bad Wörishofen"]
[Site "Bad Woerishofen"]
[Date "2024.03.11"]
[Round "4.2"]
[White "Xiang, Zeyu"]
[Black "Harikrishnan.A.Ra"]
[Result "1/2-1/2"]
[WhiteElo "2418"]
[BlackElo "2448"]
[Annotator "wempe"]
[PlyCount "121"]
[EventDate "2024.03.08"]

{[%evp 0,91,19,31,19,0,23,18,21,17,25,26,30,18,46,28,6,-12,-14,2,34,15,10,11,22,0,38,39,49,53,53,53,84,48,53,39,70,58,72,68,91,98,96,69,69,38,41,88,91,91,94,84,86,80,89,77,89,94,97,88,106,88,88,93,89,86,123,118,107,97,96,54,76,74,95,72,74,81,112,100,107,111,100,107,108,114,114,97,114,109,109,72,83,125]} 1. d4 d5 2. c4 c6 3. cxd5 cxd5 4. Bf4 Nc6 5. e3 Nf6 6. Nc3 a6 7. Be2 Bf5 8. Nf3 e6 9. Qb3 Nh5 10. Qxb7 Na5 11. Qc7 Nxf4 12. Qxd8+ Kxd8 13. exf4 Bd6 14. Ne5 Bxe5 15. dxe5 h5 16. O-O-O Ke7 17. b3 Rhb8 18. Bd3 g6 19. Ne2 Rb4 20. Bxf5 gxf5 21. Rd4 Nc6 22. Rxb4 Nxb4 23. Kb1 Kd7 24. Rd1 Rc8 25. Rd2 a5 26. Kb2 Na6 27. Nc1 Rg8 28. g3 Kc6 29. Rc2+ Kb6 30. Nd3 Nb4 31. Rd2 Nc6 32. Ne1 a4 33. bxa4 Na5 34. Rd3 Ra8 35. Nc2 Nc4+ 36. Kb3 Kc5 37. Rd1 Rb8+ 38. Kc3 Nb2 39. Rd4 Nc4 40. Na1 Rb1 41. Nb3+ Kc6 42. Rd3 Rf1 43. Rf3 Rb1 44. h3 Kb6 45. Rd3 Rb2 46. Nd2 Rxa2 47. Nxc4+ dxc4 48. Kxc4 Rxa4+ 49. Kb3 Re4 50. Rd7 Re2 51. Rxf7 Rxf2 52. h4 Kc5 53. Rg7 Kd4 54. Rg6 Rg2 55. Kb4 Rb2+ 56. Ka5 Kc5 57. Ka6 Kd5 58. Rg5 Kc6 59. Ka5 Kc5 60. Ka4 Kc4 61. Ka3 1/2-1/2

[Event "ChessOrg Schachfestival 2024 Bad Wörishofen"]
[Site "Bad Woerishofen"]
[Date "2024.03.11"]
[Round "4.3"]
[White "Leniart, Arkadiusz"]
[Black "Senthil, Maran K"]
[Result "0-1"]
[WhiteElo "2503"]
[BlackElo "2301"]
[Annotator "wempe"]
[PlyCount "102"]
[EventDate "2024.03.08"]

1. e4 c5 2. Nf3 g6 3. c3 d5 4. exd5 Qxd5 5. d4 Bg7 6. Nbd2 cxd4 7. Bc4 Qd8 8. Qb3 Nh6 9. Ne4 O-O 10. Nxd4 Nc6 11. Nxc6 bxc6 12. O-O Qc7 13. h3 Nf5 14. Re1 e5 15. Bg5 h6 16. Bf6 Bxf6 17. Nxf6+ Kg7 18. Ne4 Rb8 19. Qa3 Qe7 20. Qxe7 Nxe7 21. b3 Nd5 22. Rad1 Rd8 23. Nc5 Kf6 24. Rd2 g5 25. Red1 Be6 26. Bf1 Ke7 27. Nxe6 fxe6 28. Rc1 Nf4 29. Rxd8 Rxd8 30. g3 Ng6 31. Bg2 Rd2 32. Bxc6 Rxa2 33. Rd1 h5 34. c4 Kf6 35. Be4 Ne7 36. c5 Rb2 37. Rb1 Re2 38. Bd3 Rd2 39. Bc4 h4 40. gxh4 gxh4 41. Ra1 Nc6 42. Re1 a5 43. Re4 Rd4 44. Rxd4 Nxd4 45. f3 Nxf3+ 46. Kf2 Nd2 47. Bd3 Nxb3 48. c6 Ke7 49. c7 Kd7 50. Ba6 Kxc7 51. Kf3 a4 0-1

[Event "ChessOrg Schachfestival 2024 Bad Wörishofen"]
[Site "Bad Woerishofen"]
[Date "2024.03.11"]
[Round "4.4"]
[White "Arnold, Max"]
[Black "Bharath, Subramaniyam H"]
[Result "0-1"]
[WhiteElo "2290"]
[BlackElo "2530"]
[Annotator "wempe"]
[PlyCount "66"]
[EventDate "2024.03.08"]

1. e4 e5 2. Nf3 Nc6 3. Bb5 a6 4. Ba4 Nf6 5. O-O d6 6. Re1 Bd7 7. c3 g6 8. d4 Bg7 9. h3 O-O 10. Bc2 Nh5 11. Be3 Qe8 12. Nbd2 Kh8 13. Nf1 f5 14. exf5 gxf5 15. dxe5 dxe5 16. Bc5 Rg8 17. Bb3 Be6 18. g3 Rd8 19. Qc2 e4 20. Ng5 Bxb3 21. Qxb3 Rd7 22. Rad1 Bf6 23. Rxd7 Qxd7 24. Rd1 Qe8 25. Ne6 Ne5 26. Qd5 c6 27. Qd6 Nc4 28. Qd7 Nxb2 29. Rd4 Nd3 30. Bb6 Ne5 31. Qd6 Nf3+ 32. Kh1 Be5 33. Qd7 Nxd4 0-1

[Event "ChessOrg Schachfestival 2024 Bad Wörishofen"]
[Site "Bad Woerishofen"]
[Date "2024.03.11"]
[Round "4.5"]
[White "Kovchan, Alexander"]
[Black "GB, Harshavardhan"]
[Result "1/2-1/2"]
[WhiteElo "2477"]
[BlackElo "2392"]
[Annotator "wempe"]
[PlyCount "52"]
[EventDate "2024.03.08"]

1. c4 e5 2. Nc3 Nc6 3. g3 f5 4. Nf3 Nf6 5. d4 e4 6. Nh4 d5 7. Bg5 Bb4 8. e3 O-O 9. Ng2 Na5 10. Qa4 Bxc3+ 11. bxc3 Nxc4 12. Bxc4 dxc4 13. Nf4 Qd6 14. Qxc4+ Rf7 15. Bxf6 Qxf6 16. h4 a5 17. O-O b6 18. Rfc1 Ba6 19. Qb3 Qd6 20. Rab1 Rb8 21. c4 c5 22. dxc5 Qxc5 23. Ne6 Qc6 24. Nd4 Qc5 25. Ne6 Qc6 26. Nd4 Qc5 1/2-1/2

[Event "ChessOrg Schachfestival 2024 Bad Wörishofen"]
[Site "Bad Woerishofen"]
[Date "2024.03.11"]
[Round "4.6"]
[White "Guttenthaler, Franz"]
[Black "Zhao, Yuanhe"]
[Result "0-1"]
[WhiteElo "2286"]
[BlackElo "2461"]
[Annotator "wempe"]
[PlyCount "76"]
[EventDate "2024.03.08"]

{[%evp 0,76,28,19,29,30,69,19,4,14,9,1,67,-20,13,-2,2,26,21,7,17,2,19,17,13,21,31,14,4,2,8,-2,5,6,8,16,20,9,35,32,42,0,37,38,19,32,6,1,21,-7,27,9,18,8,8,8,8,6,0,8,3,0,0,-13,-25,-36,-57,-62,-62,-113,-161,-163,-155,-216,-215,-332,-327,-601,-588]} 1. d4 Nf6 2. Nf3 g6 3. e3 Bg7 4. Be2 O-O 5. O-O c5 6. c3 Qc7 7. Nbd2 b6 8. b3 Bb7 9. Bb2 d6 10. c4 Nbd7 11. d5 b5 12. Qc2 Rfe8 13. e4 b4 14. Rfe1 a5 15. a4 e6 16. Bf1 Re7 17. g3 Rae8 18. Bh3 exd5 19. exd5 Bc8 20. Kg2 h5 21. Rxe7 Rxe7 22. Re1 Rxe1 23. Nxe1 Ng4 24. Bxg7 Kxg7 25. Qe4 Ndf6 26. Qe2 Bf5 27. f3 Qc8 28. Bxg4 hxg4 29. Qe7 Qh8 30. f4 Qb8 31. Kf2 Ng8 32. Qe2 Qd8 33. Ng2 Qf6 34. Ne3 Qd4 35. Kg2 Bd3 36. Qe1 Nf6 37. h3 Ne4 38. Kh2 Qb2 0-1

[Event "ChessOrg Schachfestival 2024 Bad Wörishofen"]
[Site "Bad Woerishofen"]
[Date "2024.03.11"]
[Round "4.7"]
[White "Muthaiah, AL."]
[Black "Dishman, Stephen"]
[Result "1-0"]
[WhiteElo "2454"]
[BlackElo "2280"]
[Annotator "wempe"]
[PlyCount "47"]
[EventDate "2024.03.08"]

{[%evp 0,47,28,27,22,-1,6,-1,41,30,61,38,40,13,12,-23,42,27,26,17,3,-32,13,20,134,89,185,196,178,181,195,189,223,237,248,206,223,230,232,240,258,237,277,277,299,320,320,344,453,459]} 1. Nf3 d5 2. g3 Bg4 3. Bg2 c6 4. d4 e6 5. O-O Nd7 6. c4 Ngf6 7. h3 Bh5 8. Qb3 Qb6 9. Nc3 Be7 10. Nh4 O-O 11. g4 Ne8 12. cxd5 Qxb3 13. axb3 cxd5 14. Nf5 exf5 15. Nxd5 fxg4 16. Nxe7+ Kh8 17. hxg4 Bxg4 18. Bxb7 Rb8 19. Rxa7 Nd6 20. Bc6 Nf6 21. Bf4 Rfd8 22. f3 Bh3 23. Rfa1 h6 24. Kh2 1-0

[Event "ChessOrg Schachfestival 2024 Bad Wörishofen"]
[Site "Bad Woerishofen"]
[Date "2024.03.11"]
[Round "4.10"]
[White "Kunin, Vitaly"]
[Black "De Santis, Alessio"]
[Result "1-0"]
[WhiteElo "2521"]
[BlackElo "2136"]
[Annotator "wempe"]
[PlyCount "67"]
[EventDate "2024.03.08"]

{[%evp 0,67,22,22,55,60,73,53,94,83,83,66,98,83,43,42,34,39,55,26,2,5,1,-8,-5,-9,-3,1,-5,-4,54,9,54,-15,32,33,38,34,89,88,82,14,2,6,13,14,17,1,30,0,-9,-27,-1,-24,-2,-11,-7,-47,11,-24,0,9,94,-26,-33,-49,-93,-119,328,219]} 1. d4 b6 2. e4 Bb7 3. Bd3 g6 4. Nf3 Bg7 5. Nc3 e6 6. Bg5 Ne7 7. Qd2 h6 8. Be3 d6 9. Ne2 Nd7 10. Ng3 Nf6 11. Qe2 c5 12. c3 Qc7 13. O-O O-O 14. h3 e5 15. Rad1 Rad8 16. Bb1 Rfe8 17. d5 Bc8 18. Nh2 Nxe4 19. Nxe4 f5 20. g4 fxe4 21. Bxe4 Rf8 22. Rfe1 Rf7 23. Nf1 Rdf8 24. Ng3 c4 25. Kh1 Kh8 26. Rg1 b5 27. Rg2 Bb7 28. g5 hxg5 29. Bxg5 Bf6 30. Bh6 Rg8 31. Qf3 Qc8 32. Rdg1 Qe8 33. Nh5 Bxd5 34. Nxf6 1-0

[Event "ChessOrg Schachfestival 2024 Bad Wörishofen"]
[Site "Bad Woerishofen"]
[Date "2024.03.11"]
[Round "4.11"]
[White "Akash, G.."]
[Black "Schroeder, Wilfried"]
[Result "1-0"]
[WhiteElo "2411"]
[BlackElo "2123"]
[Annotator "wempe"]
[PlyCount "103"]
[EventDate "2024.03.08"]

{[%evp 0,103,25,25,77,64,64,34,36,33,43,24,17,26,51,29,54,27,61,44,46,41,43,37,73,58,59,32,66,50,52,60,57,57,67,61,71,73,101,95,101,98,82,74,90,99,138,56,64,47,96,101,140,149,155,158,155,155,157,135,157,149,146,129,140,135,158,130,135,127,182,168,173,168,183,168,170,156,148,133,158,159,150,128,147,127,123,118,140,126,119,109,106,101,143,133,183,137,192,151,196,173,252,260,260,265]} 1. e4 c6 2. Nc3 d5 3. Nf3 dxe4 4. Nxe4 Nf6 5. Qe2 Nxe4 6. Qxe4 Qd5 7. Qh4 Qe6+ 8. Be2 Qg4 9. Qg3 Qxg3 10. hxg3 g6 11. d4 h5 12. Bc4 Bg7 13. Ne5 e6 14. Bf4 Nd7 15. O-O-O Nxe5 16. dxe5 Bd7 17. Be2 O-O-O 18. Bg5 Bh6 19. Bxh6 Rxh6 20. g4 h4 21. g5 Rhh8 22. Rd4 Be8 23. Rxd8+ Kxd8 24. Bf3 Ke7 25. Rh3 Rf8 26. Rxh4 Bd7 27. Be4 Rd8 28. Rh7 Kf8 29. Rh3 Ke7 30. Ra3 a6 31. Rb3 Bc8 32. Rh3 Bd7 33. Kd2 Be8+ 34. Kc3 Kd7 35. f4 Ke7 36. Rh1 Bd7 37. Kc4 b6 38. Kc3 c5 39. a3 Bc8 40. Rh7 Kf8 41. b4 cxb4+ 42. axb4 Bd7 43. Rh1 Ke7 44. Bd3 a5 45. Rb1 Rc8+ 46. Kd4 Rc7 47. c4 Bc8 48. Ke3 Bd7 49. g3 Bc8 50. Ra1 Ra7 51. c5 bxc5 52. Rxa5 1-0

[Event "ChessOrg Schachfestival 2024 Bad Wörishofen"]
[Site "Bad Woerishofen"]
[Date "2024.03.11"]
[Round "4.13"]
[White "Babar, Michael"]
[Black "Fischer, Daniel"]
[Result "0-1"]
[WhiteElo "2093"]
[BlackElo "2352"]
[Annotator "wempe"]
[PlyCount "100"]
[EventDate "2024.03.08"]

{[%evp 0,100,25,22,25,-7,-1,-7,38,-6,-3,-16,-4,11,21,30,36,36,27,35,20,1,32,41,13,-27,-28,-65,-3,-19,-2,-66,-51,-67,-71,-93,-95,-84,-82,-82,-83,-89,-62,-72,-60,-75,-54,-80,-83,-83,-77,-76,-99,-83,-83,-84,-79,-79,-5,-47,-53,-44,-65,-145,-152,-152,-152,-151,-180,-172,-142,-142,-142,-225,-254,-254,-177,-218,-233,-295,-301,-266,-260,-289,-260,-307,-284,-307,-323,-270,-254,-250,-258,-267,-271,-273,-273,-278,-261,-274,-267,-278,-282]} 1. Nf3 d5 2. g3 Bg4 3. Bg2 c6 4. b3 Nf6 5. Bb2 e6 6. O-O Be7 7. d3 O-O 8. Nbd2 a5 9. e4 a4 10. h3 Bh5 11. Qe2 a3 12. Bc1 Qa5 13. Nb1 b5 14. Bd2 b4 15. e5 Nfd7 16. g4 Bg6 17. Bg5 Bxg5 18. Nxg5 h6 19. Nf3 c5 20. Nh4 Bh7 21. f4 Nc6 22. Nd2 Rae8 23. Nhf3 Qc7 24. Rae1 Re7 25. Qf2 f6 26. Qg3 fxe5 27. fxe5 g5 28. h4 Rg7 29. hxg5 hxg5 30. Qh2 Qd8 31. Bh1 Rf4 32. Qh5 Bg6 33. Qh3 Rh7 34. Qg3 Rhf7 35. Re2 Bh7 36. Rff2 Ncxe5 37. Nxe5 Nxe5 38. Rxf4 gxf4 39. Qe1 Nxg4 40. Rxe6 Ne3 41. Nf3 Qd7 42. Rxe3 fxe3 43. Qxe3 d4 44. Qe5 Qf5 45. Qb8+ Kg7 46. Bg2 Bg6 47. Qd6 Rf6 48. Qc7+ Bf7 49. Qg3+ Rg6 50. Nh4 Qg5 0-1

[Event "ChessOrg Schachfestival 2024 Bad Wörishofen"]
[Site "Bad Woerishofen"]
[Date "2024.03.11"]
[Round "4.14"]
[White "Vennemann, Juergen"]
[Black "Gutman, Lev"]
[Result "0-1"]
[WhiteElo "1896"]
[BlackElo "2303"]
[Annotator "wempe"]
[PlyCount "94"]
[EventDate "2024.03.08"]

{[%evp 0,94,25,25,44,56,77,61,70,29,19,0,-14,-22,-11,-17,-9,-40,-36,-76,-53,-107,-145,-237,-205,-209,-151,-166,-154,-149,-131,-135,-123,-144,-144,-148,-142,-186,-162,-147,-141,-154,-164,-162,-145,-141,-150,-197,-204,-261,-163,-169,-175,-168,-164,-175,-157,-153,-169,-168,-168,-179,-178,-197,-153,-172,-165,-169,-145,-205,-182,-188,-164,-170,-173,-215,-209,-239,-294,-319,-354,-880,-962,-1022,-1032,-1032,-1105,-1187,-1248,-1249,-1367,-1432,-1457,-1894,-1652,-1954,-2539]} 1. e4 c5 2. Nf3 d6 3. d3 g6 4. c3 Bg7 5. Nbd2 Nf6 6. d4 cxd4 7. cxd4 O-O 8. Bc4 Bg4 9. Qe2 Nc6 10. Qe3 d5 11. Bb5 Nb4 12. Qb3 dxe4 13. Qxb4 exf3 14. Nxf3 Qb6 15. Qb3 Bxf3 16. gxf3 Qxd4 17. Be3 Qd5 18. Ke2 Qxb3 19. axb3 a6 20. Bd3 e6 21. Bd4 Nd5 22. Bxg7 Kxg7 23. Ra4 Rfd8 24. Be4 Rd6 25. Bxd5 Rxd5 26. Rc1 Rad8 27. Rc7 R8d7 28. Rxd7 Rxd7 29. Rc4 Kf6 30. b4 Rd5 31. Ke3 g5 32. h4 h6 33. hxg5+ hxg5 34. Rc7 Rb5 35. Rc4 Kf5 36. Kd3 f6 37. Kc3 Rb6 38. Kd4 Rc6 39. Rxc6 bxc6 40. Kc5 Kf4 41. Kxc6 Kxf3 42. Kb6 Kxf2 43. Kxa6 g4 44. b5 g3 45. b6 g2 46. b7 g1=Q 47. b8=Q Qa1+ 0-1

[Event "ChessOrg Schachfestival 2024 Bad Wörishofen"]
[Site "Bad Woerishofen"]
[Date "2024.03.11"]
[Round "4.15"]
[White "S, Rohit"]
[Black "Hanisch, Sebastian"]
[Result "0-1"]
[WhiteElo "2267"]
[BlackElo "2069"]
[Annotator "wempe"]
[PlyCount "118"]
[EventDate "2024.03.08"]

{[%evp 0,113,25,23,56,36,68,42,48,47,63,48,47,23,54,28,24,-2,48,5,5,10,12,-10,1,4,-10,-9,-19,-16,-21,-45,-18,-48,-25,-55,-16,-16,-8,-21,-8,-30,-23,-31,30,23,23,6,-14,-34,40,10,760,803,1163,-18,-4,-18,-12,-45,-49,-55,-61,-61,-47,-18,-23,-23,-15,-18,-21,-21,0,0,0,-28,13,0,0,-13,-19,-19,-39,-57,-68,-52,-68,-90,-90,-69,-73,-121,-129,-152,-108,-136,-111,-111,-112,-195,-173,-261,-243,-274,-248,-248,-130,-202,-203,-306,-308,-369,-416,-478,-522,-569]} 1. e4 c5 2. Nf3 e6 3. d4 cxd4 4. Nxd4 Bc5 5. Nb3 Bb6 6. Bd3 Ne7 7. Bg5 O-O 8. e5 Qe8 9. Qh5 f5 10. Qe2 Nbc6 11. N1d2 h6 12. Bxe7 Qxe7 13. Nc4 Bc7 14. f4 b5 15. Ncd2 b4 16. Nf3 Bb6 17. Nbd2 Bb7 18. O-O-O a5 19. Nc4 Bc5 20. Kb1 a4 21. Nd6 Rfb8 22. Bc4 g6 23. h3 Na5 24. Bb5 Bd5 25. Bxa4 Qxd6 26. exd6 Bxd6 27. Qe5 Bxe5 28. Nxe5 Nc6 29. b3 Nxe5 30. fxe5 Ra7 31. Rhg1 f4 32. Rd4 g5 33. a3 bxa3 34. Ka2 Rc8 35. c4 Bc6 36. Bxc6 dxc6 37. Rgd1 Rcc7 38. Rd8+ Kf7 39. c5 Kg6 40. Rf8 Rf7 41. Rxf7 Rxf7 42. Rd6 Kf5 43. Rxc6 Kxe5 44. Rc8 Kd5 45. b4 e5 46. b5 e4 47. c6 f3 48. gxf3 exf3 49. c7 Kc5 50. Rd8 Rxc7 51. Rf8 Kxb5 52. Rxf3 Kc5 53. Rd3 Ra7 54. h4 g4 55. Rg3 Rg7 56. Kxa3 Kd4 57. Kb2 Ke4 58. Kc2 Kf4 59. Rg1 Rd7 0-1

[Event "ChessOrg Schachfestival 2024 Bad Wörishofen"]
[Site "Bad Woerishofen"]
[Date "2024.03.11"]
[Round "4.16"]
[White "Deglmann, Ludwig"]
[Black "Neuhoff, Laertes"]
[Result "1/2-1/2"]
[WhiteElo "2239"]
[BlackElo "2003"]
[Annotator "wempe"]
[PlyCount "71"]
[EventDate "2024.03.08"]

{[%evp 0,71,25,25,25,19,20,-16,-13,-12,15,-18,-6,-8,-10,-4,-2,4,5,-3,21,1,24,-23,16,-16,-25,-24,-31,-6,42,-5,-27,-33,-34,-34,-55,-51,-16,-155,-102,-80,-95,-99,44,24,34,59,83,66,88,37,37,19,29,0,0,0,0,-143,-148,-149,319,301,321,307,307,101,108,110,102,98,86,102]} 1. Nf3 d5 2. e3 Nf6 3. b3 e6 4. Bb2 Be7 5. g3 O-O 6. Bg2 b6 7. O-O Bb7 8. c4 c5 9. Nc3 Nc6 10. d3 dxc4 11. bxc4 Nb4 12. d4 cxd4 13. exd4 Rc8 14. Qe2 Ba6 15. Ne5 Nd7 16. Rfd1 Nxe5 17. dxe5 Qc7 18. Ne4 Qxc4 19. Qh5 Nd3 20. Nf6+ Bxf6 21. exf6 Qc5 22. Qxc5 bxc5 23. fxg7 Rfd8 24. Bf6 Rd7 25. f4 c4 26. Bc3 f6 27. Bh3 Rd6 28. Bxf6 c3 29. Rac1 c2 30. Rd2 Rdc6 31. Rcxc2 Kf7 32. Rxc6 Rxc6 33. Bb2 Nxb2 34. Rxb2 Kxg7 35. Kf2 Kf6 36. Bg2 1/2-1/2